000 00294nam a22001337a 4500
008 181126b xxu||||| |||| 00| 0 eng d
020 _a070425809
041 _aeng
080 _a610.073
100 _a3
101 _aINF
245 _aConcepts Basic To Nursing
_cPamela.H
942 _2udc
_cBK
999 _c52479
_d52479